| 000 | 00749cam a22002533a 4500 | ||
|---|---|---|---|
| 001 | 8518 | ||
| 003 | PGUSA | ||
| 005 | 20140828083201.0 | ||
| 008 | 050701s2005||||xxu|||||s|||||000 | eng d | ||
| 040 |
_aPGUSA _beng |
||
| 042 | _adc | ||
| 050 | 4 | _aPT | |
| 100 | 1 |
_aTegnér, Esaias, _d1782-1846 |
|
| 245 | 1 | 0 |
_aFritiofs Saga _h[electronic resource] / _cEsaias Tegnér |
| 260 |
_bProject Gutenberg, _c2005 |
||
| 500 | _aIncludes English Introduction, Bibliography, Notes, and Vocabulary | ||
| 506 | _aPublic domain in the USA. | ||
| 516 | _aElectronic text | ||
| 653 | _aSagas | ||
| 700 | 1 |
_aStomberg, Andrew A. _q(Andrew Adin), _d1871-1943 |
|
| 830 | 0 |
_aProject Gutenberg _v8518 |
|
| 856 | 4 | 0 | _uhttp://www.gutenberg.org/ebooks/8518 |
| 942 | _cEB | ||
| 999 |
_c237818 _d237818 |
||